|
|
|
|
| LEADER |
00000nam a22000007a 4500 |
| 005 |
20141016001725.0 |
| 007 |
cr|||| |||| |
| 008 |
141016s2014 br |||||s|||| 00||0 por d |
| 020 |
|
|
|a 978-85-63265-34-0
|
| 035 |
|
|
|a 12459
|
| 040 |
|
|
|a vLex
|
| 090 |
|
|
|c 5227
|d 5227
|
| 100 |
1 |
|
|a Falcô, Joaquim
|
| 245 |
1 |
0 |
|a III Relatr̤io Supremo em Nm︢eros
|h [Recurso electrn̤ico] /
|c Joaquim Falcô, Ivar Hartmann A., Vitor P. Chaves
|
| 256 |
|
|
|a Servicio en ln̕ea
|
| 260 |
|
|
|a Rio de Janeiro:
|b FGV - Direito Rio,
|c 2014
|
| 300 |
|
|
|a 1 recurso electrn̤ico
|
| 500 |
|
|
|a O Supremo e o Tempo.
|
| 506 |
1 |
|
|a Disponible solo en los productos indicados
|d vLex Global
|d vLex Global (Academic Edition, excluding Law Schools)
|d vLex Global (U.S. Academic Edition, Law Schools)
|d vLex Global (U.S. Academic Edition, excluding Law Schools)
|d vLex Global (Academic Edition, Law Schools)
|
| 650 |
0 |
4 |
|a Derecho Constitucional
|z Brasil
|
| 700 |
1 |
|
|a Hartmann A., Ivar
|
| 700 |
1 |
|
|a Chaves, Vitor P.
|
| 740 |
0 |
|
|a vLex Libros (Servicio en ln̕ea)
|
| 856 |
4 |
0 |
|u http://vlex.com/source/iii-relatorio-supremo-em-numeros-12459
|z Acceso restringido
|
| 942 |
|
|
|c BOOK
|
| 999 |
0 |
|
|a Constitutional Law
|